[Event "Bayern-ch Bank Hofmann 2nd"]
[Site "Bad Wiesse"]
[Date "1998.??.??"]
[Round "4"]
[White "Grund, Holger"]
[Black "Jerosch, Gunnar"]
[Result "1-0"]
[WhiteElo "2345"]
[BlackElo "2170"]

1.e4 c5 2.Nf3 Nc6 3.Bb5 e6 4.Bxc6 bxc6 5.O-O d5 6.d3 Nf6 7.e5 Nd7 8.Re1 Be7
9.Nbd2 O-O 10.b3 a5 11.a4 Ba6 12.c4 Rb8 13.Bb2 Qc7 14.Qe2 Rfe8 15.Bc3 f5
16.exf6 Bxf6 17.Be5 Nxe5 18.Nxe5 Bxe5 19.Qxe5 Qxe5 20.Rxe5 Kf7 21.Rae1 Re7
22.f4 Bc8 23.Kf2 Reb7 24.Rc1 Rc7 25.Rce1 h6 26.R1e2 Rbb7 27.Ke1 Rb4 28.g3 Rcb7
29.Kd1 Kf6 30.Kc2 Kf7 31.h4 R4b6 32.h5 Kf6 33.g4 Rf7 34.Nf3 Ke7 35.Nh4 Kd6
36.f5 exf5 37.Re8 Bd7 38.Nxf5+ Bxf5 39.gxf5 Rxf5 40.R8e6+ Kd7 41.Re7+ Kd8
42.Rxg7 Rxh5 43.Ra7 d4 44.Rg2 Rg5 45.Rxg5 hxg5 46.Rxa5 Ke7 47.Rxc5 Kf6 48.a5 Ra6
49.b4 Kg6 50.Kb3 Kh5 51.Ka4 Kh4 52.b5 cxb5+ 53.cxb5 Rf6 54.b6 Rf1 55.b7 g4
56.Rb5  1-0

[Event "Bayern-ch Bank Hofmann 2nd"]
[Site "Bad Wiesse"]
[Date "1998.??.??"]
[Round "7"]
[White "Ansell, Simon"]
[Black "Krueger, Rainer"]
[Result "1-0"]
[WhiteElo "2380"]
[BlackElo "2250"]

1.e4 c5 2.Nf3 Nc6 3.Bb5 g6 4.Bxc6 dxc6 5.h3 Bg7 6.d3 Nf6 7.Nc3 O-O 8.O-O b6
9.Bf4 Bb7 10.Qd2 Qd7 11.Bh6 Rfd8 12.Bxg7 Kxg7 13.Rfe1 Ne8 14.Qf4 Nc7 15.Ne5 Qe8
16.Ng4 Rd7 17.Re3 h5 18.Qh6+ Kg8 19.Ne5 Rd6 20.Nc4 Rdd8 21.Rg3 Qf8 22.Qxh5 Qg7
23.Qh4 Rd7 24.Ne3 Ne6 25.f4 Nd4 26.f5 Rf8 27.Rf1 b5 28.Ng4 g5 29.Nh6+ Kh7
30.Rxg5  1-0

[Event "Bad Zwesten op"]
[Site "Bad Zwesten"]
[Date "1998.??.??"]
[Round "4"]
[White "Mueller, Max"]
[Black "Schmittdiel, Eckhard"]
[Result "0-1"]
[WhiteElo "2215"]
[BlackElo "2450"]

1.e4 c5 2.Nf3 Nc6 3.Bb5 g6 4.O-O Bg7 5.Bxc6 dxc6 6.d3 Nf6 7.Re1 O-O 8.Nbd2 Ne8
9.a4 b6 10.a5 Ba6 11.e5 Nc7 12.Ne4 f5 13.Ng3 Ne6 14.Ne2 f4 15.Bd2 h6 16.Bc3 g5
17.Qd2 b5 18.b3 g4 19.Nh4 Qe8 20.g3 Qh5 21.Ng2 f3  0-1

[Event "Bad Zwesten op"]
[Site "Bad Zwesten"]
[Date "1998.??.??"]
[Round "5"]
[White "Cicak, Slavko"]
[Black "Streich, Gerhard"]
[Result "1-0"]
[WhiteElo "2465"]
[BlackElo "2220"]

1.e4 c5 2.Nf3 Nc6 3.Bb5 g6 4.O-O Bg7 5.c3 Nf6 6.Re1 O-O 7.h3 a6 8.Bxc6 dxc6
9.d4 cxd4 10.cxd4 Qc7 11.Nc3 e6 12.e5 Nd7 13.Bf4 b5 14.Rc1 Qa5 15.Nd2 Bb7
16.Nb3 Qd8 17.Ne4 Rb8 18.Bg5 Qb6 19.Bd2 Qa7 20.Bb4 Rfd8 21.Bd6 Rbc8 22.Qg4 Ba8
23.Be7 Nxe5 24.Qh4 Re8 25.Bc5  1-0

[Event "Bad Zwesten op"]
[Site "Bad Zwesten"]
[Date "1998.??.??"]
[Round "5"]
[White "Ackermann, Hans Werner"]
[Black "Hoffmann, Ulrich"]
[Result "1-0"]
[WhiteElo "2255"]
[BlackElo "2035"]

1.e4 c5 2.Nf3 Nc6 3.Bb5 g6 4.O-O Bg7 5.Re1 Nf6 6.e5 Nd5 7.Nc3 Nxc3 8.dxc3 O-O
9.Qd5 b6 10.Bxc6 dxc6 11.Qxc6 Be6 12.Qa4 Bd5 13.Qg4 Qc8 14.Qxc8 Raxc8 15.Nd2 Rcd8
16.Nf1 Bc6 17.Bf4 Rd7 18.a3 h6 19.h4 f6 20.exf6 exf6 21.Rad1 Rfd8 22.Rxd7 Rxd7
23.f3 Kf7 24.Kf2 g5 25.hxg5 hxg5 26.Bc1 Kg6 27.Ng3 Bb5 28.Ne4 Bh6 29.g4 f5
30.gxf5+ Kxf5 31.Rh1 Kg6 32.Nxg5 Rd5 33.Ne4 Bxc1 34.Rxc1 Kf5 35.Ke3 Bc6 36.Rg1 Rd8
37.Rg5+ Ke6 38.Rg6+ Kd7 39.Rd6+ Kc7 40.Rxd8 Kxd8 41.Kf4 Ke7 42.Ke5 Be8 43.c4 Bh5
44.f4 Bf3 45.f5 Bg2 46.Nd6 Kd7 47.f6 Bh3 48.b3 Bg4 49.c3 a5 50.Nc8 Bh5 51.Nxb6+ Kc6
52.Nd5 Bf7 53.b4 cxb4 54.cxb4  1-0

[Event "Bad Zwesten op"]
[Site "Bad Zwesten"]
[Date "1998.??.??"]
[Round "6"]
[White "Glek, Igor V"]
[Black "Sandner, Gunter"]
[Result "1-0"]
[WhiteElo "2505"]
[BlackElo "2315"]

1.e4 c5 2.Nf3 Nc6 3.Bb5 g6 4.Bxc6 bxc6 5.O-O Bg7 6.Re1 e5 7.c3 Ne7 8.d4 cxd4
9.cxd4 exd4 10.Nxd4 O-O 11.Nc3 Rb8 12.Nb3 d5 13.Bg5 f6 14.Be3 dxe4 15.Bc5 Qxd1
16.Raxd1 Re8 17.Rxe4 Kf7 18.Na5 f5 19.Rxe7+ Rxe7 20.Bxe7 Rxb2 21.Ba3 Bxc3
22.Bxb2 Bxb2 23.Nc4  1-0

[Event "Regionalliga SW9798"]
[Site "Bayern"]
[Date "1998.??.??"]
[Round "?"]
[White "Bach, Adrian"]
[Black "Mueller, Marcus2"]
[Result "1/2-1/2"]
[WhiteElo "2360"]
[BlackElo "2120"]

1.e4 c5 2.Nf3 Nc6 3.Bb5 g6 4.O-O Nf6 5.Re1 Bg7 6.c3 O-O 7.e5 Nd5 8.d4 cxd4
9.cxd4 Nc7 10.Bc4 d6 11.Bf4 dxe5 12.dxe5 Be6 13.Nbd2 Bxc4 14.Nxc4 Ne6 15.Bg3 Ncd4
16.Nxd4 Qxd4 17.Qxd4 Nxd4 18.Red1 Ne2+ 19.Kf1 Nxg3+ 20.hxg3 Rfc8 21.Rac1 b5
22.Na3 Bxe5 23.Nxb5 Bxb2 24.Rxc8+ Rxc8 25.Nxa7 Rc2 26.Rd8+ Kg7 27.Rc8 Bc3
28.Nb5 Rc1+ 29.Ke2 Re1+ 30.Kd3 Ba5 31.Rc2 h5 32.Re2 Rf1 33.f3 e6 34.Kc4 Rb1
35.Na3 Rb4+ 36.Kc5 Ra4 37.Nc4 Bc7 38.g4 hxg4 39.fxg4 e5 40.Kb5 Ra8 41.Kc6 Ra4
42.Rc2 Ra7 43.Rd2 Ba5 44.Re2 Bc3 45.g5 f6 46.gxf6+  1/2-1/2

[Event "Regionalliga NO9798"]
[Site "Bayern"]
[Date "1998.??.??"]
[Round "?"]
[White "Theisinger, Felix"]
[Black "Raedlinger, Stefan"]
[Result "1-0"]
[WhiteElo "2015"]
[BlackElo "2080"]

1.e4 c5 2.Nf3 Nc6 3.Bb5 g6 4.O-O Bg7 5.Nc3 a6 6.Bxc6 dxc6 7.d3 Bg4 8.h3 Bxf3
9.Qxf3 Nf6 10.Be3 Nd7 11.Qe2 O-O 12.Rae1 e6 13.Qd2 Qa5 14.Bh6 Rad8 15.e5 Qc7
16.Bg5 Rc8 17.Be7 Rfe8 18.Bd6 Qd8 19.f4 Qa5 20.Qf2 Qb4 21.Ne4 Bf8 22.c3 Qa5
23.g4 Qxa2 24.Qh4 Bg7 25.Re2 Qd5 26.Qg3 c4 27.d4 Ra8 28.h4 Bf8 29.h5 Bxd6
30.Nxd6 Rf8 31.g5 Kg7 32.Ne4 Rh8 33.Nf6 Nxf6 34.gxf6+ Kf8 35.Qg5 h6 36.Qg4 Rg8
37.Kh2 c5 38.Rg1 cxd4 39.cxd4 Qxd4 40.Qf3 Rb8 41.Qa3+  1-0

[Event "Regionalliga NO9899"]
[Site "Bayern"]
[Date "1998.??.??"]
[Round "?"]
[White "Broszeit, Peter"]
[Black "Roesl, Gerhard Jr"]
[Result "1-0"]
[WhiteElo "2060"]
[BlackElo "1915"]

1.e4 c5 2.Nf3 Nc6 3.Bb5 g6 4.O-O Bg7 5.Nc3 Nf6 6.e5 Ng4 7.Bxc6 bxc6 8.Qe2 O-O
9.h3 Nh6 10.d3 Rb8 11.Ne4 d6 12.c3 Bf5 13.Bf4 Bxe4 14.dxe4 d5 15.Rfd1 e6
16.Qe3 f5 17.exf6 Qxf6 18.Bxh6 Bxh6 19.Qxh6 dxe4 20.Rd7 Rf7 21.Rxf7 Qxf7
22.Ng5 Qe7 23.Rd1  1-0

[Event "Landesliga Nord9798"]
[Site "Bayern"]
[Date "1998.??.??"]
[Round "?"]
[White "Suran, Jan"]
[Black "Schindler, Viktor"]
[Result "1-0"]
[WhiteElo "2250"]
[BlackElo "2045"]

1.Nf3 c5 2.e4 Nc6 3.Bb5 Nf6 4.Nc3 g6 5.Bxc6 bxc6 6.O-O Bg7 7.d3 O-O 8.Be3 d6
9.h3 h6 10.Qd2 Kh7 11.Nh2 Ng8 12.f4 f5 13.Nf3 Nf6 14.e5 Ne8 15.Rfe1 Nc7 16.Bf2 Ne6
17.exd6 exd6 18.d4 cxd4 19.Nxd4 Nxd4 20.Bxd4 Rf7 21.Bxg7 Kxg7 22.b3 g5 23.fxg5 hxg5
24.Rad1 Qf6 25.Qd4 Qxd4+ 26.Rxd4 d5 27.Re8 Bb7 28.Rxa8 Bxa8 29.Na4 Bb7 30.Nc5 Bc8
31.h4 Kg6 32.Kf2 Kf6 33.hxg5+ Kxg5 34.g3 Rh7 35.Kg2 Re7 36.Kf3 Rh7 37.c4 Rh2
38.cxd5 cxd5 39.a4 Rc2 40.Rxd5 Rc3+ 41.Ke2 Kg4 42.Kd2 Rxg3 43.Rd8 Rg2+ 44.Kc3 f4
45.Rxc8 f3 46.Nd3 Re2 47.Rg8+ Kf5 48.Kd4 Re4+ 49.Kd5 Re3 50.Rf8+ Kg4 51.Kd4  1-0

[Event "Regionalliga NO9798"]
[Site "Bayern"]
[Date "1998.??.??"]
[Round "?"]
[White "Menacher, Manfred"]
[Black "Gazmaga, Stefan"]
[Result "0-1"]
[WhiteElo "2255"]
[BlackElo "2135"]

1.e4 c5 2.Nf3 Nc6 3.Bb5 e6 4.O-O Nge7 5.Nc3 a6 6.Bxc6 Nxc6 7.d4 cxd4 8.Nxd4 Qc7
9.Nxc6 Qxc6 10.Re1 f6 11.Qh5+ g6 12.Qh4 Bg7 13.Bh6 Bxh6 14.Qxh6 Qd6 15.e5 Qf8
16.Qd2 f5 17.Na4 b5 18.Nb6 Rb8 19.Qd4 Qe7 20.a4 Bb7 21.axb5 axb5 22.Ra7 Bc6
23.Rea1 Rf8 24.Rc7 Qd8 25.Raa7 Qg5 26.f3 Qc1+ 27.Kf2 Qxc2+ 28.Kf1 Rxb6 29.Rc8+ Kf7
30.Rxd7+ Bxd7 31.Qxd7+ Kg8 32.Rxf8+ Kxf8 33.Qd8+ Kf7 34.Qxb6 Qc1+ 35.Kf2 Qxb2+
36.Kf1 Qxe5 37.Qb7+ Kg8 38.Qc8+ Kg7 39.Qd7+ Kh6 40.Qd8 Qa1+ 41.Ke2 Qb2+ 42.Ke1 Qc1+
43.Ke2 Qc4+ 44.Kf2 Qc5+ 45.Ke2 b4 46.h4 Qc1 47.Qb8 Qc4+ 48.Kf2 Qd4+ 49.Kf1 Kh5
50.Qf8 h6 51.Qe7 b3 52.Qxe6 Qd3+  0-1

[Event "Regionalliga SO9798"]
[Site "Bayern"]
[Date "1998.??.??"]
[Round "?"]
[White "Kranewitter, Norbert"]
[Black "Jergler, Karl Heinz"]
[Result "1/2-1/2"]
[WhiteElo "1905"]
[BlackElo "2170"]

1.e4 c5 2.Nf3 Nc6 3.Bb5 g6 4.O-O Bg7 5.Re1 e5 6.Bxc6 dxc6 7.d3 f6 8.a3 Nh6
9.b4 cxb4 10.axb4 O-O 11.h3 Nf7 12.Bb2 Qc7 13.Nbd2 Be6 14.Qe2 Rfd8 15.Nc4 Bf8
16.Bc3 Bxc4 17.dxc4 c5 18.b5 Rd7 19.Nh2 Nd8 20.Ng4 Bg7 21.Ne3 Ne6 22.Nd5 Qd8
23.Qg4 Rd6 24.Ra3 Nc7 25.Ba5 b6 26.Bd2 Nxd5  1/2-1/2

[Event "Regionalliga SO9798"]
[Site "Bayern"]
[Date "1998.??.??"]
[Round "?"]
[White "Eggerer, Stefan"]
[Black "Muharemagic, Asim"]
[Result "1/2-1/2"]
[WhiteElo "2080"]
[BlackElo "2115"]

1.e4 c5 2.Nf3 Nc6 3.Bb5 e5 4.O-O d6 5.c3 Nf6 6.Re1 Bd7 7.d4 cxd4 8.cxd4 Nxd4
9.Nxd4 exd4 10.Bxd7+ Nxd7 11.Qxd4 Qb6 12.Be3 Qxd4 13.Bxd4 Ne5 14.Nc3 Nc6
15.Red1 Nxd4 16.Rxd4 Rc8 17.Nb5 Rc2 18.b3 Be7 19.Nxd6+ Bxd6 20.Rxd6 O-O 21.g3 f5
22.exf5 Rxf5 23.f4 g5 24.Rd4 gxf4 25.Rxf4 Rxf4 26.gxf4 Kf7 27.Rd1 Ke6 28.Re1+ Kf6
29.Rd1 Ke6 30.Re1+  1/2-1/2

[Event "Regionalliga NO9899"]
[Site "Bayern"]
[Date "1998.??.??"]
[Round "?"]
[White "Walter, Markus"]
[Black "Wiesgickl, Gerhard"]
[Result "1/2-1/2"]
[WhiteElo "2045"]
[BlackElo "1890"]

1.e4 c5 2.Nf3 Nc6 3.Bb5 d6 4.O-O Bd7 5.Nc3 g6 6.d3 Bg7 7.Bg5 Nf6 8.Qd2 O-O
9.a3 Rc8 10.Rab1 Nd4 11.Bxd7 Nxf3+ 12.gxf3 Qxd7 13.Bh6 Qh3 14.Bxg7 Qxf3 15.Bxf6 Qg4+  1/2-1/2

[Event "Oberliga Bayern9798"]
[Site "Bayern"]
[Date "1998.??.??"]
[Round "?"]
[White "Wagner, Anselm"]
[Black "Delitzsch, Juergen"]
[Result "1-0"]
[WhiteElo "2375"]
[BlackElo "2240"]

1.e4 c5 2.Nf3 Nc6 3.Bb5 g6 4.O-O Nf6 5.Bxc6 dxc6 6.d3 Bg7 7.Nc3 O-O 8.a4 a5
9.Be3 b6 10.h3 Qc7 11.Qc1 Re8 12.Bh6 Bh8 13.Nd2 Nh5 14.Ne2 e5 15.Nf3 Ng7
16.Nd2 Ne6 17.f4 exf4 18.Nxf4 Nd4 19.Kh1 Ba6 20.c3 Ne6 21.Qc2 Rad8 22.Nxe6 Rxe6
23.Rf3 Rd7 24.Qb3 Rf6 25.Rxf6 Bxf6 26.Rf1 Bg7 27.Bxg7 Kxg7 28.c4 Qd8 29.Rf3 Bc8
30.Qc3+ Kg8 31.Nf1 Rd4 32.Ng3 Be6 33.Ne2 Rd7 34.Nf4 Rd4 35.Qc2 Bc8 36.Qf2 Qe7
37.Ne2 Rd8 38.Qg3 Kh8 39.Qf4 Kg7 40.Ng3 Kg8 41.e5 Rd4 42.Ne4 Kg7 43.Qg3 Be6
44.Ng5 h6 45.Nxe6+ Qxe6 46.Rf6 Qe8 47.Qf3 Qe7 48.Qe3 Qd8 49.Rxc6 Rxd3 50.Qf2 Rb3
51.e6 fxe6 52.Qf4 Rd3 53.Qe5+ Kh7 54.Rxe6 Rd1+ 55.Kh2 Qd4 56.Re7+ Kg8 57.Qe6+ Kh8
58.Re8+ Kg7 59.Rg8+  1-0

[Event "Oberliga Bayern9798"]
[Site "Bayern"]
[Date "1998.??.??"]
[Round "?"]
[White "Zellner, Richard"]
[Black "Albeker, Mark"]
[Result "0-1"]
[WhiteElo "2195"]
[BlackElo "2130"]

1.e4 c5 2.Nf3 Nc6 3.Bb5 g6 4.O-O Bg7 5.c3 e5 6.a3 Nge7 7.b4 b6 8.d3 O-O 9.Be3 cxb4
10.axb4 Bb7 11.Qb3 d5 12.Bg5 f6 13.exd5 Nxd5 14.Bc1 Kh8 15.Nbd2 Nf4 16.Ne4 Ne2+
17.Kh1 Nxc1 18.Rfxc1 Qe7 19.Re1 Nd8 20.Ba6 Bc6 21.Ned2 Qd7 22.d4 Bh6 23.Ne4 Nf7
24.Nxf6 Qf5 25.d5 Qxf6 26.dxc6 Qxc6 27.Bc4 Qc7 28.Bxf7 Rxf7 29.Nxe5 Rf5 30.Qd5 Rc8
31.Qd4 Bg7 32.f4 g5 33.Qe4 Rxf4 34.Qe2 Qxc3 35.h3 Qc7 36.Nd3 Bxa1 37.Nxf4 Bc3
38.Nd5 Qg7 39.Rc1 Qd4 40.Nxc3 Rxc3 41.Qe8+ Kg7 42.Qe7+ Kg6 43.Rf1 Qg7 44.Qe6+ Kh5
45.Rf6 Rc1+ 46.Kh2 Qc7+ 47.Qd6 Qxd6+ 48.Rxd6 Rc2 49.b5 Rb2 50.Kg1 Rxb5 51.g4+ Kh4
52.Kg2 Rb2+ 53.Kf3 Rb3+ 54.Kg2 Rg3+  0-1

[Event "Landesliga Sued9798"]
[Site "Bayern"]
[Date "1998.??.??"]
[Round "?"]
[White "Kaftan, Thorsten"]
[Black "Feldbacher, Harald"]
[Result "0-1"]
[WhiteElo "1995"]
[BlackElo "2055"]

1.e4 c5 2.Nf3 Nc6 3.Bb5 g6 4.c3 Bg7 5.O-O Nf6 6.d3 O-O 7.Bf4 d5 8.Qe2 Nh5
9.Bd2 a6 10.Bxc6 bxc6 11.Be3 c4 12.dxc4 dxe4 13.Nd4 Qc7 14.Nd2 f5 15.N2b3 e5
16.Nc2 f4 17.Bc5 f3 18.Qxe4 Rf4 19.Qe3 fxg2 20.Rfd1 Bg4 21.Rd2 Rf3 22.Bd6 Qc8
23.Qe4 Rf4 24.Qe1 Bf3 25.Nc5 Qh3 26.Be7 Re8 27.Rd8 Rxd8 28.Bxd8 h6 29.Nd3 Re4
30.Qd2 g5 31.Bxg5 hxg5 32.Qxg5 Rh4 33.Qd8+ Kh7  0-1

[Event "Oberliga Bayern9798"]
[Site "Bayern"]
[Date "1998.??.??"]
[Round "?"]
[White "Schueller, Ernst"]
[Black "Reich, Thomas"]
[Result "1-0"]
[WhiteElo "2240"]
[BlackElo "2345"]

1.Nf3 c5 2.e4 Nc6 3.Bb5 g6 4.O-O Bg7 5.c3 e5 6.Na3 Nge7 7.Nc4 Qc7 8.a4 O-O
9.Ne3 d6 10.Qc2 Be6 11.Ng5 Bd7 12.Bc4 h6 13.Nf3 Kh8 14.Nd5 Nxd5 15.Bxd5 Ne7
16.Bc4 f5 17.d3 Ng8 18.Nh4 Ne7 19.Qe2 f4 20.b4 g5 21.Nf3 Bg4 22.bxc5 dxc5
23.Ba3 Ng6 24.h3 Bd7 25.Nxg5 f3 26.Nxf3 Nf4 27.Qe3 b6 28.Kh2 Rf6 29.Ng1 h5
30.g3 Bh6 31.Qf3 Qd6 32.gxf4 Bxf4+ 33.Kh1 Bg4 34.Qg2 Rg6 35.f3 Bd7 36.Qf2 Rg3
37.Bc1 Qf6 38.Bxf4 exf4 39.Qh2 Qh4 40.Rf2 Rc8 41.Rg2 Rc7 42.Rxg3 fxg3 43.Qa2 Bc8
44.Rf1 Rg7 45.f4 Qf6 46.f5 h4 47.Rf4 Rh7 48.Rg4 Rg7 49.Rxg7 Kxg7 50.Qd2 Bb7
51.Kg2 Qxf5 52.Nf3 Qf6 53.Qg5+ Qxg5 54.Nxg5 a5 55.Nf3 Bc6 56.Bb3 c4 57.Bxc4 Bxa4
58.Nxh4 b5 59.Bd5 Bc2 60.d4 b4 61.cxb4 axb4 62.Kxg3 b3 63.Kf4 b2 64.Ba2 Bb3
65.Nf5+ Kg6 66.Bb1  1-0

[Event "Regionalliga SW9899"]
[Site "Bayern"]
[Date "1998.??.??"]
[Round "?"]
[White "Nissen, Jens"]
[Black "Buckel, Ernst"]
[Result "1-0"]
[WhiteElo "2205"]
[BlackElo "2025"]

1.e4 c5 2.Nf3 Nc6 3.Bb5 Nd4 4.Nxd4 cxd4 5.c3 dxc3 6.Nxc3 e6 7.d4 a6 8.Bd3 d6
9.O-O Bd7 10.Re1 Ne7 11.Kh1 Rc8 12.f4 g6 13.f5 Bg7 14.fxe6 Bxe6 15.d5 Bd7
16.Bf4 Qc7 17.Rc1 Qb8 18.Qf3 Rd8 19.Qg3 Bc8 20.e5 dxe5 21.Rxe5 Qd6 22.Rce1 O-O
23.Rxe7 Qb4 24.R7e2  1-0

[Event "Regionalliga SO9798"]
[Site "Bayern"]
[Date "1998.??.??"]
[Round "?"]
[White "Doerfler, Guenther"]
[Black "Heyne, Martin"]
[Result "0-1"]
[WhiteElo "2045"]
[BlackElo "2075"]

1.e4 c5 2.Nf3 Nc6 3.Bb5 d6 4.Bxc6+ bxc6 5.O-O g6 6.d4 cxd4 7.Qxd4 e5 8.Qa4 Qc7
9.c4 Nf6 10.Nc3 Bg7 11.c5 Bg4 12.cxd6 Qxd6 13.Nxe5 Qxe5 14.Qxc6+ Ke7 15.b3 Rhc8
16.Ba3+ Kd8 17.Rad1+ Bd7 18.Bd6 Qxc3 19.Bc7+ Rxc7 20.Qxa8+ Ke7 21.e5 Ng4
22.e6 fxe6 23.h3 Nf6  0-1

[Event "Landesliga Sued 9899"]
[Site "Bayern"]
[Date "1998.??.??"]
[Round "?"]
[White "Heiduczek, Josef"]
[Black "Epding, Olaf"]
[Result "1-0"]
[WhiteElo "2165"]
[BlackElo "2195"]

1.e4 c5 2.Nf3 Nc6 3.Bb5 Qb6 4.Nc3 g6 5.d4 cxd4 6.Nd5 Qd8 7.Bf4 d6 8.Qxd4 f6
9.e5 Bd7 10.e6 Bxe6 11.O-O-O Kf7 12.Qe3 Bf5 13.Nh4 Bg4 14.Bc4 Na5 15.Be2 Bd7
16.Qd2 Rc8 17.Bd3 Be6 18.Nc3 Nc4 19.Qe2 Nh6 20.Rhe1 Qd7 21.Kb1 a6 22.Nf3 b5
23.Nd4 Bf5 24.Bxh6 Bxd3 25.cxd3 Na3+ 26.bxa3 Bxh6 27.Nd5 e5 28.Nb6 Qa7 29.Qg4 Rce8
30.Nc6 Qb7 31.Qd7+ Qxd7 32.Nxd7 Rc8 33.Nb4 a5 34.Nd5 Ke6 35.N7b6 Rc6 36.Re2 Rb8
37.Rc2 Rbxb6 38.Nxb6 Rxb6 39.Rc7 Bf8 40.Rdc1 Be7 41.R1c6 Rb8 42.Ra6 b4 43.a4 h5
44.Rcc6 Kd5 45.Rcb6 Rc8 46.Rxa5+ Kd4 47.Ra7 Bf8 48.Rh7 Kxd3 49.Rh8 Rd8 50.a5 f5
51.a6 d5 52.a7 Ra8 53.Rxf8 Rxa7 54.Rxg6  1-0

[Event "Landesliga Sued 9899"]
[Site "Bayern"]
[Date "1998.??.??"]
[Round "?"]
[White "Feldbacher, Harald"]
[Black "Soergel, Thomas"]
[Result "0-1"]
[WhiteElo "2070"]
[BlackElo "2075"]

1.e4 c5 2.Nf3 Nc6 3.Bb5 d6 4.O-O Bd7 5.Re1 e5 6.c3 Qc7 7.d4 O-O-O 8.d5 Nce7
9.a4 Bg4 10.h3 Bh5 11.b4 f6 12.Nbd2 g5 13.a5 Bf7 14.Be2 Ng6 15.Nc4 h5 16.b5 Qd7
17.Qa4 Kb8 18.Nh2 N8e7 19.Nf1 f5 20.Bxg5 fxe4 21.Nce3 Nf4 22.h4 Bh6 23.Bxh6 Rxh6
24.b6 a6 25.Qxd7 Rxd7 26.c4 Rd8 27.Nd2 Bg6 28.g3 Nd3 29.Rf1 Nf5 30.Nxf5 Bxf5
31.Kh2 Rf8 32.Ra3 Bh7 33.Kg2 Rhf6 34.Bxd3 exd3 35.f3 e4 36.fxe4 Bxe4+ 37.Kg1 Rxf1+
38.Nxf1 Rf3 39.Ra2 Rf8 40.Rf2 Re8 41.Rf6 Bxd5 42.cxd5 c4 43.Kf2 c3 44.Re6 Rf8+
45.Ke3 c2 46.Kd2 Rf2+ 47.Kxd3 c1=Q 48.Re8+ Qc8 49.Rxc8+ Kxc8 50.Nd2 Rg2 51.Ne4 Kd7
52.Nf6+ Ke7 53.Nxh5 Ra2 54.Ke4 Rxa5 55.g4 Rb5 56.g5 Rb4+ 57.Kf5 Rxh4 58.Nf4 Rxf4+
59.Kxf4 a5 60.Kf5 a4 61.g6 a3 62.g7 Kf7 63.g8=Q+ Kxg8 64.Ke6 a2 65.Kxd6 a1=Q
66.Kc7 Qa8 67.d6 Kf7 68.d7 Ke7 69.d8=Q+ Qxd8+ 70.Kxb7 Kd6 71.Ka7 Kc6 72.b7 Qb6+  0-1

[Event "Beersheba"]
[Site "Beersheba"]
[Date "1998.??.??"]
[Round "3"]
[White "Kochetkov, German"]
[Black "Lederer, Yoav"]
[Result "1-0"]
[WhiteElo "2420"]
[BlackElo "2270"]

1.e4 c5 2.Nf3 Nc6 3.Bb5 e6 4.O-O Nge7 5.Re1 Ng6 6.c3 d5 7.exd5 Qxd5 8.d4 Bd7
9.c4 Qh5 10.d5 Nd4 11.Bxd7+ Kxd7 12.Ne5+ Qxe5 13.Rxe5 Nxe5 14.Be3 Bd6 15.Bxd4 cxd4
16.Qxd4 Rhc8 17.Nd2 Ke7 18.Qh4+ Kf8 19.dxe6 fxe6 20.Qxh7  1-0

[Event "JUG-ch51 (Women)"]
[Site "Belgrade"]
[Date "1998.??.??"]
[Round "5"]
[White "Vuksanovic, Sanja"]
[Black "Ujhazi, Danijela"]
[Result "1-0"]
[WhiteElo "2310"]
[BlackElo "2120"]

1.e4 c5 2.Nf3 Nc6 3.Bb5 g6 4.Bxc6 bxc6 5.O-O Bg7 6.Re1 f6 7.c3 Nh6 8.d4 cxd4
9.cxd4 O-O 10.Nc3 d6 11.h3 Nf7 12.Qc2 Bd7 13.b3 Qa5 14.Bb2 f5 15.e5 dxe5
16.dxe5 Nxe5 17.Nxe5 Bxe5 18.Rad1 Bd6 19.Qd3 Rad8 20.Qc4+ Rf7 21.Na4 f4 22.Bc3 Qg5
23.Rxd6 f3 24.g3 Qxg3+ 25.fxg3 f2+ 26.Kg2 fxe1=Q 27.Bxe1 exd6 28.Bc3 c5 29.Qd5 Bc8
30.Nxc5 Re8 31.Qd4 Re2+ 32.Kg1 Rff2 33.Qg7+  1-0

[Event "JUG-ch51 (Women)"]
[Site "Belgrade"]
[Date "1998.??.??"]
[Round "9"]
[White "Vuksanovic, Sanja"]
[Black "Bojkovic, Natasa"]
[Result "1/2-1/2"]
[WhiteElo "2310"]
[BlackElo "2420"]

1.e4 c5 2.Nf3 Nc6 3.Bb5 e6 4.O-O Nge7 5.c3 a6 6.Be2 d5 7.exd5 Nxd5 8.d4 cxd4
9.Nxd4 Bd7 10.Bf3 Be7 11.Nxc6 Bxc6 12.Nd2 Qc7 13.Qc2 O-O 14.Re1 Rfd8 15.Nf1 Rac8
16.a3 Qb8 17.Be4 h6 18.Qe2 Nf6 19.Bxc6 Rxc6 20.Be3 Nd5 21.Rad1 Bf6 22.c4 Nxe3
23.Nxe3 Rcd6 24.b4 Rxd1  1/2-1/2

[Event "Berliner Sommer 16th"]
[Site "Berlin"]
[Date "1998.??.??"]
[Round "2"]
[White "Kauschmann, Herbert"]
[Black "Muse, Mladen"]
[Result "0-1"]
[WhiteElo "2210"]
[BlackElo "2440"]

1.e4 c5 2.Nf3 Nc6 3.Bb5 e6 4.Bxc6 bxc6 5.d3 Ne7 6.O-O Ng6 7.Nbd2 e5 8.b3 Be7
9.Nc4 d6 10.Ne3 O-O 11.Nf5 Bf6 12.g4 Nf4 13.Ne1 g6 14.Ne3 Kg7 15.Bb2 Rh8
16.N1g2 h5 17.f3 Bg5 18.b4 Rb8 19.Rb1 Rxb4 20.c3 Rb6 21.d4 Ba6 22.dxc5 Ne2+
23.Kh1 hxg4 24.Nxg4 Ng3+ 25.Kg1 Nxf1 26.cxb6 Qxb6+ 27.Nf2 Nd2 28.f4 Nxb1
29.fxg5 Qxb2 30.Ne3 Qd2 31.Qf3 Qe1+ 32.Kg2 Nd2 33.Qf6+ Kg8 34.Qd8+ Kh7 35.Qe7 Bf1+  0-1

[Event "Berliner Sommer 16th"]
[Site "Berlin"]
[Date "1998.??.??"]
[Round "5"]
[White "Zakharov, Alexander V"]
[Black "Mikhaletz, Lubomir"]
[Result "1/2-1/2"]
[WhiteElo "2420"]
[BlackElo "2495"]

1.e4 c5 2.Nf3 Nc6 3.Bb5 g6 4.O-O Bg7 5.c3 a6 6.Bxc6 dxc6 7.d3 Nf6 8.Qe2 O-O
9.a4 a5 10.Na3 b6 11.h3 h6 12.Bf4 Be6 13.Ne5 Qc8 14.Nac4 Ra6 15.Bh2 Nd7 16.f4 b5
17.Ne3 Nxe5 18.fxe5 Rd8 19.axb5 cxb5 20.Nd5 Qb7 21.c4 bxc4 22.dxc4 Qb8 23.Qf2 Bxe5
24.Bxe5 Qxe5 25.Qxc5 Bxd5 26.exd5 a4 27.b3 a3 28.Rxa3 Rxa3 29.Qxa3 Qe3+ 30.Kh1 Rb8
31.Qc1 Qxb3 32.Qf4 Rf8 33.Re1 Qb4 34.Rc1 h5 35.Qe5 Qc5 36.Qe4 Ra8 37.Qf4 Qd6
38.Qe4 Qc5  1/2-1/2

[Event "Berliner Sommer 16th"]
[Site "Berlin"]
[Date "1998.??.??"]
[Round "8"]
[White "Dergatschova Daus, Anna"]
[Black "Belov, Vladimir"]
[Result "1-0"]
[WhiteElo "2220"]
[BlackElo "2355"]

1.e4 c5 2.Nf3 Nc6 3.Bb5 g6 4.O-O Bg7 5.c3 e5 6.d3 Nge7 7.Be3 d6 8.h3 O-O
9.Na3 a6 10.Ba4 b5 11.Bb3 Bb7 12.Qd2 Qc7 13.Rae1 Rad8 14.Ng5 Na5 15.f4 Nxb3
16.axb3 d5 17.Qf2 d4 18.cxd4 cxd4 19.Bd2 h6 20.f5 hxg5 21.f6 Bh6 22.h4 Kh7
23.hxg5 Ng8 24.Qh4 Qd7 25.Kf2 Qe6 26.Rh1 Bc8 27.Qxh6+ Nxh6 28.Rxh6+ Kg8 29.Reh1 Qh3
30.gxh3 Be6 31.Kg3 Bxb3 32.h4 a5 33.h5 b4 34.hxg6 fxg6 35.Rh8+ Kf7 36.R1h7+ Ke6
37.Nb5  1-0

[Event "Besancon"]
[Site "Besancon"]
[Date "1998.??.??"]
[Round "8"]
[White "Vincent, Damien"]
[Black "Roser, Kevin"]
[Result "1/2-1/2"]
[WhiteElo "2120"]
[BlackElo "2255"]

1.e4 c5 2.Nf3 Nc6 3.Bb5 g6 4.O-O Bg7 5.Bxc6 bxc6 6.d3 Nf6 7.Nbd2 O-O 8.Re1 d6
9.h3 e5 10.Nc4 h6 11.c3 Be6 12.Qe2 Ne8 13.b3 f5 14.Bb2 Kh7 15.Rad1 Nf6 16.exf5 gxf5
17.Ncxe5 dxe5 18.Qxe5 Re8 19.Qxc5 Nd5 20.Qxc6 Rc8 21.Qa6 Nf4 22.Qxa7 Rc7
23.Qa5 Ree7 24.Qa4 Nxd3 25.Qh4 Rcd7 26.Ng5+ Kg8 27.Nxe6 Qb6 28.Rxd3 Rxe6
29.Rxe6 Qxe6 30.Rxd7 Qe1+ 31.Kh2 Be5+ 32.g3  1/2-1/2

[Event "Biel op"]
[Site "Biel"]
[Date "1998.??.??"]
[Round "4"]
[White "Bohnenblust, Simon"]
[Black "Lederer, Yoav"]
[Result "0-1"]
[WhiteElo "2140"]
[BlackElo "2270"]

1.e4 c5 2.Nf3 Nc6 3.Bb5 e6 4.Bxc6 bxc6 5.b3 Ne7 6.O-O Ng6 7.Bb2 Qc7 8.e5 Be7
9.d3 f6 10.exf6 Bxf6 11.Bxf6 gxf6 12.d4 cxd4 13.Qxd4 O-O 14.Nc3 c5 15.Qe3 Bb7
16.Ne4 Rac8 17.Rad1 d5 18.Ng3 Rce8 19.Qh6 f5 20.Nh4 Nxh4 21.Qxh4 e5 22.Nxf5 Kh8
23.Ng3 e4 24.c3 Qe5 25.c4 d4 26.Qh5 Qd6 27.Rde1 Qc6 28.Qh3 Rg8 29.Re2 Qf6
30.Qf5 Qxf5 31.Nxf5 Re6 32.Rfe1 h5 33.g3 Rge8 34.Nh4 Kg7 35.Ng2 Re5 36.Nf4 Bc8
37.Kf1 Bg4 38.Rd2 a5 39.Nd5 Bf3 40.Nf4 h4 41.a3 hxg3 42.fxg3 Rb8 43.Rb2 e3
44.b4 Be4 45.b5 Bh7 46.Ke2 Bg8 47.Rc1 Rb6 48.Kf3 Kf6 49.g4 Re8 50.Nd3 Rc8
51.h4 Bh7 52.Nf4 Ke5 53.Kg3 Be4 54.Nh3 Rf8 55.Ng1 d3 56.Re1 Kd4 57.Rd1 Kxc4
58.Rc1+ Kd4 59.Rd1 Kc3 60.Rbb1 Rf2  0-1

[Event "Bischwiller"]
[Site "Bischwiller"]
[Date "1998.??.??"]
[Round "3"]
[White "Galdunts, Sergey"]
[Black "Schulz, Vladimir"]
[Result "1-0"]
[WhiteElo "2445"]
[BlackElo "2215"]

1.e4 c5 2.Nf3 Nc6 3.Bb5 g6 4.O-O Bg7 5.c3 Nf6 6.Re1 O-O 7.h3 d5 8.e5 Nd7
9.d4 Re8 10.Ng5 e6 11.Qf3 f6 12.exf6 Nxf6 13.Qd1 Qd6 14.dxc5 Qxc5 15.Ba4 e5
16.b4 Qd6 17.c4 h6 18.cxd5 Nxd5 19.Nc3 hxg5 20.Nxd5 Rd8 21.Bxg5 Be6 22.Bxd8 Bxd5
23.Bc7 Qe6 24.Qxd5 Qxd5 25.Bb3 Qxb3 26.axb3 Nxb4 27.Bxe5 Nc2 28.Bxg7 Kxg7
29.Rac1 Nxe1 30.Rxe1 Kf6 31.Rc1 a5 32.Rc5 Ra6 33.Rb5 b6 34.h4 Ke7 35.g4 a4
36.bxa4 Rxa4 37.f3 Ra6 38.Kg2 Kd7 39.Kg3 Kc7 40.Rg5 Ra8 41.Rxg6 b5 42.h5 b4
43.Re6 b3 44.Re1 b2 45.Rb1 Rb8 46.h6 Kd6 47.h7 Rh8 48.Rxb2 Rxh7 49.Re2  1-0

[Event "Bischwiller"]
[Site "Bischwiller"]
[Date "1998.??.??"]
[Round "8"]
[White "Treffert, Peter"]
[Black "Schulz, Vladimir"]
[Result "0-1"]
[WhiteElo "2325"]
[BlackElo "2215"]

1.e4 c5 2.Nf3 Nc6 3.Bb5 g6 4.O-O Bg7 5.Re1 e5 6.c3 Nge7 7.Na3 O-O 8.Nc2 d5
9.d3 h6 10.Bxc6 Nxc6 11.Ne3 d4 12.cxd4 cxd4 13.Nc4 b5 14.Ncd2 Be6 15.Nb3 Qd6
16.Bd2 Rfc8 17.g3 a5 18.a4 Nb4 19.axb5 Nxd3 20.Bxa5 Nxe1 21.Nxe1 f5 22.b6 Rab8
23.Nd2 d3 24.Ra3 fxe4 25.Nxe4 Qd4 26.Qxd3 Rc1 27.Qe2 Bd5 28.Nc3 Bc4 29.Qe4 Rf8
30.Kh1 Rxf2 31.Qa8+ Rf8 32.b7 Rxe1+  0-1